00417cam a2200145Ia 4500020001800000082001200018100001800030245003500048260005000083300001500133490002100148650002500169650001700194856006000211 a978074945878204a658 FIN1 aFinch, Brian.10aEffective financial management aLondon ;aPhiladelphia :bKogan Page,cc2010. avi, 146 p.1 aCreating success 0aBusiness enterprises 0aCorporations40uhttp://www.columbia.edu/cgi-bin/cul/resolve?clio9173206